Normal view
MARC view
Entry Personal Name
001 - CONTROL NUMBER
- control field: 14502
003 - CONTROL NUMBER IDENTIFIER
- control field: dpl
005 - DATE AND TIME OF LATEST TRANSACTION
- control field: 20100817164719.0
008 - FIXED-LENGTH DATA ELEMENTS
- fixed length control field: 100817|||a|||||| | ||| d
040 ## - CATALOGING SOURCE
- Original cataloging agency: dpl
- Transcribing agency: dpl
100 ## - HEADING--PERSONAL NAME
- Personal name: Singh, G. P.
670 ## - SOURCE DATA FOUND
- Source citation: Work cat.: (dpl): Singh, G. P., Historicity of Rama and Krsna :, 2008
670 ## - SOURCE DATA FOUND
- Source citation: Work cat.: (dpl): Singh, G. P., Historicity of Rama and Krsna :, 2008
